02085nam a2200253 a 4500003000500000005001700005007001500022008004100037035001100078040000900089100002900098245019800127264004100325300004200366336002700408337002900435338003800464502002500502520112900527650003401656650003501690700005301725856005301778CHAP20251201120600.0cr ||||||a|c|a101022s2010 mx fom 00110 spa d a111174 cCHAP1 aAguilar López, Antonio10aValoración económica del agua en los municipios de Pachuca, Mineral del Monte y Mineral de la Reforma en el Estado de Hidalgoc/por Antonio Aguilar López; director Enrique Rubiños Panta aChapingo, Méx. :bEl autor,c2010. a1 recurso en línea (147 páginas). 2rdacontentatextobtxt 2rdamediaacomputadorabc 2rdacarrierarecursos en lineabcr bLEcDICEAd2010gLIC aLa presente investigación tiene por objetivo determinar la valoración económica entre los usuarios domésticos del servicio público de agua potable, en los municipios de Pachuca, Mineral del Monte y Mineral de la Reforma, en el Estado de Hidalgo. Como método para estimar la Disposición a Pagar (DAP) por usar el servicio y la Disposición a ser Compensado (DAC) por no usarlo, se eligió la valoración contingente. Para la aplicación de este método de preferencias expresadas, se encuestó a una muestra de usuarios a los que se les preguntó directamente por la máxima cantidad de dinero que estarían dispuestos a pagar por recibir el líquido en las cantidades y calidades requeridas para sus necesidades; así como por la máxima cantidad de dinero que estarían dispuestos a recibir como compensación por dejar de usar el servicio. Con los datos obtenidos de las respuestas se estimaron las siguientes DAP para los municipios de Pachuca, Mineral del Monte y Mineral de la Reforma: $130.70, $76.35 y $130.64 pesos; mientras que las DAC respectivas fueron $241.90, $303.04 y 280.21 pesos.04aAguaxAbastecimientoxCostos.04aAguaxAbastecimientozHidalgo.0 aRubiños Panta, Juan EnriqueeDirector de tesis uhttp://10.13.5.2/tesis/111174.pdfzDESCARGAR PDF